000 01433nam a22003137a 4500
005 20080918163843.0
008 080918t xxu||||| |||| 00| 0 hin d
010 _aHIN-92701
020 _c200.00
_a9789380839035
035 _aHN-65047
037 _bDBAD / PUB
040 _aDPL
_bHN
082 _a613
100 _9747
_aबाखरू, हरिकृष्ण
245 _aरोगों का प्राकृतिक उपचार /
_cहरिकृष्ण बाखरू
246 _aRoro ka Prakritik Upchar
_bbyHarikrishan Bhakharu
260 _aदिल्ली
_bएस. के. इंटरप्राइजेज
_c2010
270 _aसी-54, गणेश नगर कॉम्प्लैक्स,
_bदिल्ली
_e110092
300 _a156पृ.
_c22सेमी (सजिल्द)
650 _9697
650 _9698
700 _927881
700 _927882
700 _927883
942 _2ddc
_cHN
_mबाखरू
_h613
999 _c52415
_d52415